|
|
|
|
| LEADER |
00000cam a2200000 7i4500 |
| 001 |
0000130402 |
| 005 |
20190204.0 |
| 008 |
190204t20172017my ao e 000 0 eng |
| 020 |
|
|
|a 9789674544799
|
| 040 |
|
|
|a PERPUSTAM
|b eng
|c PERPUSTAM
|e rda
|
| 090 |
0 |
0 |
|a 428.1
|b SR
|
| 100 |
0 |
|
|a S. Rajah ,
|e author
|
| 245 |
1 |
0 |
|a Thematic Vocabulary
|c S. Rajah
|
| 264 |
|
1 |
|a Petaling Jaya, Selangor :
|b Penerbit Ilmu Bakti Sdn. Bhd.
|c 2017
|
| 300 |
|
|
|a 234 pages :
|b illustrations ;
|c 22 cm.
|
| 336 |
|
|
|a text, rdacontent
|
| 337 |
|
|
|a unmediated
|2 rdamedia
|
| 338 |
|
|
|a volume
|2 rdacarrier
|
| 490 |
1 |
|
|a Power UP Your VOCABULARY
|
| 500 |
|
|
|a Includes questions and answers
|
| 650 |
1 |
0 |
|a Vocabulary
|
| 650 |
2 |
0 |
|a English language
|x Usage
|
| 830 |
|
0 |
|a Power up your vocabulary
|
| 999 |
|
|
|a 0000548999
|b Buku
|c Koleksi Peperiksaan
|e Perbadanan Perpustakaan Awam Melaka
|
| 999 |
|
|
|a 0000549000
|b Buku
|c Koleksi Peperiksaan
|e Perpustakaan Cawangan Jasin
|
| 999 |
|
|
|a 0000549001
|b Buku
|c Koleksi Peperiksaan
|e Perpustakaan Cawangan Masjid Tanah
|
| 999 |
|
|
|a 0000549002
|b Buku
|c Koleksi Peperiksaan
|e Perpustakaan Cawangan Merlimau
|
| 999 |
|
|
|a 0000549003
|b Buku
|c Koleksi Peperiksaan
|e Perbadanan Perpustakaan Awam Melaka
|
| 999 |
|
|
|a 0000549004
|b Buku
|c Koleksi Peperiksaan
|e Perbadanan Perpustakaan Awam Melaka
|
| 999 |
|
|
|a 0000549005
|b Buku
|c Koleksi Peperiksaan
|e Perbadanan Perpustakaan Awam Melaka
|
| 999 |
|
|
|a 0000549006
|b Buku
|c Koleksi Peperiksaan
|e Perbadanan Perpustakaan Awam Melaka
|
| 999 |
|
|
|a 0000549007
|b Buku
|c Koleksi Peperiksaan
|e Perpustakaan Komuniti UTC Melaka
|
| 999 |
|
|
|a 0000549008
|b Buku
|c Koleksi Peperiksaan
|e Perpustakaan Desa Asahan
|
| 999 |
|
|
|a 0000549009
|b Buku
|c Koleksi Peperiksaan
|e Perpustkaan Desa Lubuk China
|